|
|
|
|
| LEADER |
00656nam#a2200205#a#4500 |
| 001 |
013884 |
| 005 |
20160707154446.0 |
| 008 |
991001s1988####xxu#################eng#d |
| 040 |
|
|
|a AR-beUNQ
|
| 099 |
|
|
|a 36-R19
|
| 100 |
1 |
|
|a Ravel, Maurice
|
| 245 |
0 |
0 |
|a Valses nobles et sentimentales : for solo piano
|c Maurice Ravel.
|
| 260 |
|
|
|a Florida :
|b Masters music publications,
|c 1988
|
| 300 |
|
|
|a 25 p. :
|b 1 partitura para piano
|
| 942 |
|
|
|c PAR
|n 0
|
| 650 |
|
7 |
|a MUSICA
|2 Spines
|
| 653 |
|
|
|a PARTITURAS
|
| 929 |
|
|
|a COMPRA
|b E.L.Sohns
|c Exp. 827-0080/99
|d 16,00
|e 19990827
|j 26927
|
| 929 |
|
|
|a COMPRA
|b E.L.Sohns
|c Exp. 827-0080/99
|d 16,00
|e 19990827
|j 26928
|
| 999 |
|
|
|c 114
|d 75501
|